| 000 | 00725nam a2200169 4500 | ||
|---|---|---|---|
| 999 |
_c38519 _d38519 |
||
| 041 | _aEnglish | ||
| 082 | _aRS.0968 | ||
| 100 |
_aSunitha, A.S. _uCentre for the Study of Social Exclusion and Inclusive Policy _vKochi, Kerala |
||
| 245 |
_aSocio-economic Exclusion: _ban investigation into the Intra-community vicissitudes among the tribes of Kerala based on Social Progress Index/ _cA.S. Sunitha |
||
| 260 |
_aKochi, Kerala: _bIndian Council of Social Science Research, _c2017 |
||
| 300 | _axv, 151p. | ||
| 500 | _aIncluded References | ||
| 536 | _aIndian Council of Social Science Research | ||
| 650 | _aSocio-economic Exclusion | ||
| 650 |
_aIntra-Community _aTribes _vTribal government _xFamilies _zKerala |
||
| 942 |
_2ddc _cRP |
||